| 000 | 00544nam a2200205Ia 4500 | ||
|---|---|---|---|
| 003 | OSt | ||
| 005 | 20230522141534.0 | ||
| 008 | 210423s2001 xx 000 0 und d | ||
| 040 | _cAL | ||
| 041 | _aeng | ||
| 082 |
_a340 _223 _bLPPF |
||
| 245 | _aFactories act 1948: with labour laws act 1948 | ||
| 260 |
_aAllahabad _bLaw Publications _c2001 |
||
| 300 |
_avii,100 _bPB |
||
| 365 |
_b70 _cINR |
||
| 650 |
_aLaw _9110214 |
||
| 650 |
_aSocial Sciences _9110215 |
||
| 906 | _a1948 ; 1948: ; act ; Factories ; labour ; laws | ||
| 942 |
_2ddc _cBK |
||
| 999 |
_c172628 _d172628 |
||